LEADER 00766nam0-22002771i-450- 001 990002034340403321 005 20150708155400.0 035 $a000203434 035 $aFED01000203434 035 $a(Aleph)000203434FED01 035 $a000203434 100 $a20030910d1963----km-y0itay50------ba 101 0 $ahun 200 1 $aHolyvák I$d= Staphylinidae I$fVilmos Szekessy 210 $aBudapest$cAkademiai Kiado$d1963 215 $a117 p.$d25 cm 225 1 $aFauna Hungariae$h2$iColeoptera$v66 610 0 $aColeotteri$aStaphylinidae 676 $a595.7642 700 1$aSzekessy,$bVilmos$085905 801 0$aIT$bUNINA$gRICA$2UNIMARC 901 $aBK 912 $a990002034340403321 952 $a61 V A.7/106.2.05$b4731$fDAGEN 959 $aDAGEN 997 $aUNINA LEADER 01077nam0-2200349li-450 001 990000154340203316 005 20180312154706.0 010 $a0-7803-1030-6 035 $a0015434 035 $aUSA010015434 035 $a(ALEPH)000015434USA01 035 $a0015434 100 $a20001109d1995----km-y0itay0103----ba 101 0 $aeng 102 $aUS 200 1 $aHandbook of electrical and electronic insulating materials$fW. Tillar Shugg 205 $a2nd ed 210 $aNew York$cIEEE Press$dcopyr. 1995 610 1 $aisolatori elettrici manuali 676 $a621.31937$9Isolatori e isolamento 700 1$aShugg,$bW. Tillar$0746900 801 $aSistema bibliotecario di Ateneo dell' Universitŕ di Salerno$gRICA 912 $a990000154340203316 951 $a621.319 37 SHU$b0007898 959 $aBK 969 $aTEC 979 $c19970401 979 $c20001110$lUSA01$h1712 979 $c20020403$lUSA01$h1623 979 $aPATRY$b90$c20040406$lUSA01$h1611 996 $aHandbook of electrical and electronic insulating materials$91491426 997 $aUNISA LEADER 01229cam0-22003971i-450 001 990000049250403321 005 20190521111329.0 035 $a000004925 035 $aFED01000004925 035 $a(Aleph)000004925FED01 035 $a000004925 100 $a20020821d1968----km-y0itay50------ba 101 0 $aita 102 $aIT 105 $aa-------001yy 200 1 $a<>istruzione pubblica in Italia$ebilancio di legislatura, 1963-1968$fa cura dell'Ufficio studi e programmazione 210 $aRoma$c[s.n.]$d1968$eFirenze$gE. Ariani 215 $aXV, 223 p.$cill.$d24 cm 610 0 $aItalia$aIstruzione pubblica$a1963$a1968 610 0 $aIstruzione 676 $a371.01$v20$zita 676 $a370 710 01$aItalia.$bMinistero della pubblica istruzione.$bUfficio studi, documentazione e programmazione$0354240 801 0$aIT$bUNINA$gRICA$2UNIMARC 901 $aBK 912 $a990000049250403321 952 $a13 K 31 23$b26618$fFINBC 952 $aVI G 153$b84221$fFGBC 952 $a219-H-4$b7895 omaggio$fMA1 952 $a60 370 B 18$b41240$fFAGBC 959 $aFINBC 959 $aFGBC 959 $aMA1 959 $aFAGBC 996 $aIstruzione pubblica in Italia$9112232 997 $aUNINA